000 00943nam a22002897a 4500
003 CHAP
005 20220329141550.0
008 971013s1953 r 00010 d
010 _a70235
011 _a71207
035 _a80761
040 _cCHAP
090 _aFolleto 2323
100 0 0 _aCade Export Company, Inc.
_917038
245 _aManual sobre las variedades del algodonero norteamericano con anotaciones sobre producción de semillas, variedades de semillas y prácticas de cultivo
250 _aedición 1952-53
260 _aAlexandria :
_bL.A.,
_c(1953)
300 _a31 p.
_b: ilus.
590 _aBATCH-UPD
_b10
_c20130110
_lUCH01
_h0547
590 _aBATCH-UPD
_b10
_c20130410
_lUCH01
_h0228
590 _aCONVERSION
_b10
_c20130109
_lUCH01
_h1339
650 1 4 _aAlgodon
_xSemilla.
_94054
650 1 4 _aAlgodon
_xVariedades.
_94068
901 _aBK
942 _cFOLL
949 _aFolleto 2323
_bBC
_cFOLL
_d-33700
_eTS1
_i80761
_mD
_si
999 _c70235
_d70235